000 00419 a2200157 4500
020 _a0763737682
040 _aDLC
_bDLC
082 0 4 _a512.7
100 1 _aRobbins, Neville.
245 1 0 _aBeginning number theory
_cNeville Robbins.
250 _a2nd ed.
260 _aSudbury, Mass. :
_bJones and Bartlett Publishers,
_cc2006.
300 _axi, 338 p. ;
_c24 cm.
650 0 _aNumber theory.
942 _cBK
_k512.7 ROB
_2ddc
999 _c7491
_d7491